[Event "Quart de Poblet op 7th"]
[Site "Quart de Poblet"]
[Date "2019.08.05"]
[Round "1"]
[White "Fernandez Lara, Vicente"]
[Black "Davtyan, David"]
[Result "0-1"]
[WhiteElo "1614"]
[BlackElo "2249"]
[PlyCount "82"]
[EventDate "2019.08.05"]
[EventType "swiss"]
[EventRounds "9"]
[EventCountry "ESP"]
[SourceTitle "CBM 191 Extra"]
[Source "ChessBase"]
[SourceDate "2019.09.30"]
[SourceVersion "1"]
[SourceVersionDate "2019.09.30"]
[SourceQuality "1"]

1. d4 Nf6 2. c4 c5 3. Nf3 cxd4 4. Qxd4 Nc6 5. Qd1 g6 6. Nc3 Bg7 7. e3 0-0 8. Be2 d6 9. h3 Bd7 10. 0-0 Rc8 11. Bd2 Bf5 12. a3 Na5 13. Qa4 Be6 14. Nd5 Nxc4 15. Nxf6+ Bxf6 16. Bxc4 Bxc4 17. Rfe1 b5 18. Qb4 a5 19. Qxa5 Qxa5 20. Bxa5 Bxb2 21. Rab1 Bxa3 22. Nd4 Ra8 23. Bb4 Bxb4 24. Rxb4 Ra4 25. Reb1 Rxb4 26. Rxb4 d5 27. f4 Ra8 28. Kf2 f6 29. Kf3 Kf7 30. g3 Ra6 31. g4 e5 32. fxe5 fxe5 33. Nc2 Ra2 34. Ne1 Ke6 35. Kg3 Re2 36. Ng2 Kd6 37. Kf3 Ra2 38. Kg3 Kc5 39. Rb1 b4 40. Nh4 Re2 41. Ng2 b3 0-1

[Event "Burjassot U2200 op 5th"]
[Site "Burjassot"]
[Date "2017.09.08"]
[Round "1"]
[White "Gomez Hernandez, Hector"]
[Black "Fernandez Lara, Vicente"]
[Result "0-1"]
[WhiteElo "1219"]
[BlackElo "1622"]
[PlyCount "86"]
[EventDate "2017.09.08"]
[EventType "swiss"]
[EventRounds "7"]
[EventCountry "ESP"]
[SourceTitle "EXT 2024"]
[Source "ChessBase"]
[SourceDate "2023.10.10"]
[SourceVersion "1"]
[SourceVersionDate "2023.10.10"]
[SourceQuality "1"]

1. d4 Nf6 2. c4 e6 3. Nf3 Be7 4. Nc3 h6 5. e4 d6 6. Bd3 0-0 7. Be3 Nc6 8. 0-0 Ng4 9. Bf4 e5 10. dxe5 dxe5 11. Bg3 Bd6 12. a3 Nf6 13. b4 Bg4 14. h3 Bh5 15. Be2 Bxf3 16. Bxf3 Nd4 17. c5 Nxf3+ 18. Qxf3 Be7 19. Bxe5 c6 20. Rfd1 Qc8 21. Bg3 Rd8 22. e5 Nh7 23. Ra2 Rxd1+ 24. Qxd1 Qf5 25. Rd2 Nf8 26. b5 Bg5 27. Rd4 Ne6 28. Rd7 Nxc5 29. Rd4 Ne6 30. Rd7 cxb5 31. Nxb5 Rc8 32. Nd6 Qc2 33. Nxc8 Qxc8 34. Qd6 a5 35. f4 Qc1+ 36. Qd1 Qe3+ 37. Bf2 Qxf4 38. Qf3 Qxe5 39. Qxf7+ Kh7 40. Rxb7 Bf4 41. Rb1 Ng5 42. Qh5 Qf5 43. Qg4 Qxb1+ 0-1

[Event "Mislata op-C 48th"]
[Site "Mislata"]
[Date "2014.08.12"]
[Round "2"]
[White "Moreno Vicente, Jesus Miguel"]
[Black "Fernandez Lara, Vicente"]
[Result "1-0"]
[WhiteElo "1841"]
[BlackElo "1646"]
[PlyCount "92"]
[EventDate "2014.08.11"]
[EventType "swiss"]
[EventRounds "9"]
[EventCountry "ESP"]
[SourceTitle "EXT 2019"]
[Source "ChessBase"]
[SourceDate "2018.10.10"]
[SourceVersion "1"]
[SourceVersionDate "2018.10.10"]
[SourceQuality "1"]

1. d4 Nf6 2. c4 e6 3. Nf3 Be7 4. Nc3 c6 5. Bg5 h6 6. Bh4 d5 7. cxd5 Nxd5 8. Bxe7 Qxe7 9. e4 Nxc3 10. bxc3 Nd7 11. Bd3 0-0 12. 0-0 e5 13. Re1 Rd8 14. Qb3 Kh8 15. Bc4 f6 16. Nh4 Nf8 17. Nf5 Bxf5 18. exf5 Qd6 19. Qxb7 Rab8 20. Qf7 Nh7 21. dxe5 fxe5 22. Qxa7 Qf6 23. Qe3 Qxf5 24. Qxe5 Qg4 25. Qe2 Qf4 26. Bb3 Nf6 27. Qe3 Qf5 28. Qg3 Re8 29. Re6 Rbd8 30. Rae1 Rxe6 31. Bxe6 Qxe6 32. f3 Qc4 33. Qc7 Rg8 34. Qa5 Nd5 35. Re4 Qd3 36. c4 Ne3 37. Qe1 Nxc4 38. a4 Nd6 39. Re6 Rb8 40. Kf2 Qd4+ 41. Kf1 Qd3+ 42. Kf2 Rb2+ 43. Kg3 Rd2 44. Qe5 Nf5+ 45. Kh3 Nd4 46. Rxh6+ Kg8 1-0

[Event "Quart de Poblet Sub2300 1st"]
[Site "Quart de Poblet"]
[Date "2013.07.21"]
[Round "3.15"]
[White "Iagar, Razvan Gabriel"]
[Black "Fernandez Lara, Vicente"]
[Result "1-0"]
[WhiteElo "2190"]
[BlackElo "1648"]
[PlyCount "85"]
[EventDate "2013.07.20"]
[EventType "swiss"]
[EventRounds "7"]
[EventCountry "ESP"]
[SourceTitle "EXT 2024"]
[Source "ChessBase"]
[SourceDate "2023.10.10"]
[SourceVersion "1"]
[SourceVersionDate "2023.10.10"]
[SourceQuality "1"]

1. d4 Nf6 2. Nf3 e6 3. c4 Be7 4. g3 c6 5. Bg2 d5 6. 0-0 0-0 7. Qc2 Nbd7 8. Nbd2 c5 9. Rd1 b6 10. e4 Bb7 11. exd5 exd5 12. dxc5 Bxc5 13. Nb3 Qc8 14. cxd5 Bxd5 15. Nxc5 Nxc5 16. Bg5 Be4 17. Qe2 Qf5 18. Bxf6 Qxf6 19. b4 Bxf3 20. Qxf3 Nd7 21. Qxf6 Nxf6 22. Bxa8 Rxa8 23. Rac1 g6 24. Rc7 a5 25. b5 Rb8 26. Rdc1 Kf8 27. Rc8+ Rxc8 28. Rxc8+ Ke7 29. Rc6 Nd5 30. a3 f5 31. Kf1 g5 32. Ke2 h5 33. Kd3 f4 34. gxf4 Nxf4+ 35. Ke4 Kd7 36. Rxb6 Kc7 37. Rc6+ Kd7 38. a4 Nh3 39. f3 Nf2+ 40. Kf5 g4 41. fxg4 hxg4 42. Rg6 Nd3 43. Rxg4 1-0

[Event "Mislata op-C 20th"]
[Site "Mislata"]
[Date "2012.08.14"]
[Round "3"]
[White "Lopez Diaz, Rafael"]
[Black "Fernandez Lara, Vicente"]
[Result "1-0"]
[WhiteElo "1819"]
[BlackElo "1653"]
[PlyCount "82"]
[EventDate "2012.08.13"]
[EventType "swiss"]
[EventRounds "9"]
[EventCountry "ESP"]
[SourceTitle "EXT 2013"]
[Source "ChessBase"]
[SourceDate "2012.11.22"]
[SourceVersion "1"]
[SourceVersionDate "2012.11.22"]
[SourceQuality "1"]

1. f4 d6 2. Nf3 g6 3. e3 Bg7 4. Be2 Nf6 5. d4 0-0 6. 0-0 c6 7. Bd2 Re8 8. Nc3 d5 9. Qe1 Bf5 10. Rc1 Ne4 11. Nxe4 dxe4 12. Ng5 h6 13. g4 Bc8 14. Nxe4 f5 15. gxf5 Bxf5 16. Bc4+ e6 17. Nf2 g5 18. fxg5 Qxg5+ 19. Kh1 Qh5 20. Rg1 Kh8 21. Rg3 Rg8 22. e4 Bh7 23. Bxe6 Rf8 24. Qe3 Na6 25. d5 Nc7 26. Bg4 Qe8 27. dxc6 Qxc6 28. c4 Rae8 29. Bc3 Be5 30. Bxe5+ Rxe5 31. Qd4 Qc5 32. Qxc5 Rxc5 33. Bf3 Ne6 34. b4 Rc7 35. h4 Rcf7 36. Bg4 Rxf2 37. Bxe6 Bxe4+ 38. Kg1 Rxa2 39. b5 Rd8 40. Re1 Bh7 41. Bd5 Rc2 1-0